000 01121nam a22003137a 4500
003 CHAP
005 20220329135752.0
008 971013s1977 r 00010 d
010 _a41792
011 _a42764
035 _a46893
040 _cCHAP
090 _aTesis
100 0 0 _aEscalante de la Hidalga, José Ignacio.
_937386
245 _aContribución al estudio de los diferentes géneros de nemátodos gastroentéricos en bovinos en el municipio de Chalco, Estado de México
260 _aMéxico, D. F. :
_bEl autor,
_c1977
300 _a19 h.
502 _aTesis (Médico Veterinario Zootecnista) -- UNAM. Facultad de Medicina Veterinaria y Zootecnia
590 _aALEPH
_b10
_c20130110
_lUCH01
_h1311
590 _aBATCH-UPD
_b10
_c20130110
_lUCH01
_h2059
590 _aBATCH-UPD
_b10
_c20130410
_lUCH01
_h1412
590 _aBATCH-UPD
_b10
_c20130914
_lUCH01
_h1529
590 _aCONVERSION
_b10
_c20130109
_lUCH01
_h1323
650 1 4 _aGanado vacuno
_xParásitos.
_945500
650 1 4 _aNemátodos parásitos de bovinos.
_980829
901 _aBK
942 _cTESIS
949 _bBC
_cTES
_d-106809
_eTS1
_i46893
_si
999 _c41792
_d41792